000 00638nam a2200205Ia 4500
003 GCL
008 140319s9999 xx 000 0 ara d
040 _aGCL /
_cGCL
082 0 4 _a816
_bع ر
100 1 _aعلى مصطفى المصراتى
245 1 0 _aرسائل احمد القلييبى بين طرابلس وتونس /
_cعلى مصطفى المصراتى
260 _a[S.N] :
_bالدار العربية للكتاب ،
_c1976
300 _a203 ص
490 _a
650 0 4 _aالادب العربى
650 0 4 _aتونس
650 0 4 _aالرسائل العربية
650 0 4 _aالمجموعات
942 _2ddc
_cBK
999 _c35333
_d35333